Hungarian words in English - Statistics

General Stats
  • This quiz has been taken 374 times
  • The average score is 14 of 20
Answer Stats
Hungarian Word English Word % Correct
Autó Car
98%
Macska Cat
83%
Fiú Boy
82%
Kék Blue
79%
Pénz Money
77%
Medve Bear
76%
Ágy Bed
70%
Számítógép Computer
69%
Szomorú Sad
69%
Szám Number
68%
Ceruza Pencil
68%
Kacsa Duck
65%
Ujj Finger
65%
Főnök Boss
64%
Kalap Hat
64%
Észak North
63%
Szárny Wing
58%
Oldal Page
56%
Sakk Chess
55%
Fémdoboz Can (drink)
27%
No matching quizzes found
Score Distribution
Percent of People with Each Score
Percentile by Number Answered
Your Score History
You have not taken this quiz